000 00787nam a2200265 i 4500
001 C2-0304585
003 PPAK
005 20180728085711.0
008 100602s1992 my a|||| ||||| | may d
040 _aPPAK
_beng
_cPPAK
_erda
082 0 4 _a069.09595112
_223
090 0 0 _a069.09595112
_bNIK
_dKLB
090 0 0 _a069.09595112
_bNIK
_dKMI
100 0 _aNik Hassan Shuhaimi Nik Abd. Rahman,
_eauthor
245 1 0 _aWarisan Lembah Bujang
264 1 _aBangi, Selangor :
_bUniversiti Kebangsaan Malaysia ,
_c1992
300 _axvii., 129 pages :
_billustrations ;
_c23 cm
336 _2rdacontent
_atext
337 _2rdamedia
_aunmediated
338 _2rdacarrier
_avolume
500 _aSalinan fotokopi
650 1 0 _aMuseums-Malaysia-Kedah.
700 _eauthor
942 _ddc
_cB
999 _c107713
_d107713